100 personnages de jeux vidéo - Statistiques

Statistiques générales
  • Ce quiz a été pris 708 fois
    343 depuis la dernière actualisation
  • Le résultat moyen est 33 sur 100
Statistiques - réponses
Hint Réponse % Correct
Lara Croft Tomb Raider
80%
Pac-man PAC-MAN
78%
Agent 47 Hitman
77%
Kratos God of War
76%
Rayman Rayman
74%
Cuphead Cuphead
71%
Crash Bandicoot Crash Bandicoot
69%
Nathan "Nate" Drake Uncharted
67%
Bayonetta Bayonetta
65%
Ellie The Last of Us
65%
Ada Wong Resident Evil 2
64%
Link The Legend of Zelda
63%
Ezio Auditore da Firenze Assassin's Creed
62%
Bomberman Bomberman
61%
Steve Minecraft
61%
Solid Snake Metal Gear Solid
59%
Doomguy Doom
58%
Zoroark Pokémon
58%
Dr. Mario Dr. Mario
57%
Harmonie Super Mario
56%
Geralt de Riv The Witcher
56%
Master Chief Halo
54%
Trevor Philips Grand Theft Auto V
53%
Samus Aran Metroid
52%
Clank Ratchet & Clank
50%
Meta Knight Kirby's Adventure
49%
Freddy Fazbear Five Nights at Freddy's
48%
Duke Nukem Duke Nukem
47%
Tifa Lockhart Final Fantasy VII
47%
John Marston Red Dead Redemption
46%
Olimar Pikmin
45%
GLaDOS Portal
45%
Max Payne Max Payne
44%
Alex Kidd Alex Kidd in Miracle World
43%
Banjo Banjo & Kazooie
42%
Cammy White Street Fighter II
42%
Duo Duck Hunt Duck Hunt
41%
Dante Devil May Cry
40%
Sans Undertale
40%
Richter Belmont Castlevania: Rondo of Blood
39%
Alex Mason Call of Duty : Black Ops
38%
Gordon Freeman Half-Life
38%
Ice Climbers Ice Climber
38%
Kazuya Mishima Tekken
38%
Mileena Mortal Kombat
35%
Xénomorphe Alien: Isolation
34%
Sackboy LittleBigPlanet
34%
Shovel Knight Shovel Knight
34%
Professeur K. Tastroff Luigi's Mansion
33%
Amélie "Fatale" Lacroix Overwatch
32%
Spyro Spyro the Dragon
32%
Byleth Fire Emblem Three Houses
31%
Little Mac Punch-Out!!
31%
King K.Rool Donkey Kong Country
30%
Vaas Montenegro Far Cry 3
29%
Palutena Kid Icarus
29%
Commandant Shepard Mass Effect
29%
Joker Persona 5
29%
Qiyana League of Legends
28%
Le héros Dragon Quest
27%
Sly Cooper Sly Racoon
27%
Thibou Animal Crossing
26%
Dr. Wily Megaman
25%
Rathalos Monster Hunter
25%
Viper VALORANT
25%
Wolf "Wolf" O'Donnell Star Fox
21%
Jak Jak & Daxter
20%
Lucas Mother 3
19%
Knuckles the Echidna Sonic 3
19%
Pyra Xenoblade Chronicles 2
17%
Yae Miko Genshin Impact
15%
Terry Bogard Fatal Fury
14%
Calamazones Splatoon
14%
Spring Man ARMS
13%
Isaac Clarke Dead Space
13%
Heavy Team Fortress 2
11%
Marcus Fenix Gears of War
10%
Sir Daniel Fortesque MediEvil
9%
Emmanuelle "Twitch" Pichon Tom Clancy's Rainbow Six Siege
9%
Samurai Goroh F-Zero
7%
Cole MacGrath InFamous
7%
AiAi Super Monkey Ball
7%
Vlad Golden Sun
6%
Faith Mirror's Edge
6%
Ryo Hazuki Shenmue
6%
Jimmy T WarioWare
6%
Les petits chanteurs Rhythm Paradise
5%
Dr. Wright Simcity
5%
Arthur Ghosts 'n Goblins
4%
Coach Left 4 Dead 2
4%
Kat Gravity Rush
3%
Chase Linh Need for Speed Undercover
3%
Yuri Kozukata Project Zero
3%
Risky Boots Shantae
3%
Blaze Fielding Streets of Rage
3%
Jacky Bryant Virtua Fighter
3%
Nariko Heavenly Sword
2%
Ulala Space Channel 5
2%
Sweet Tooth Twisted Metal
2%
Misako Kunio-kun
0%
Aucun quiz correspondant
Distribution des résultats
% des personnes avec chaque résultat
Percentile par nombre de réponses
Votre historique - résultats
Vous n’avez pas pris ce quiz depuis la dernière actualisation